[Event "em-team men"]
[Site "?"]
[Date "2003.10.19"]
[Round "8.17"]
[White "Balinov, Ilija"]
[Black "Kelly, Brian"]
[Result "0-1"]
[WhiteElo "2411"]
[BlackElo "2487"]
[PlyCount "84"]
[EventDate "2003.10.19"]

1. c4 e6 2. Nf3 d5 3. g3 Nf6 4. Bg2 Be7 5. O-O O-O 6. d4 c6 7. Bg5 Nbd7 8. Nbd2
b6 9. Bxf6 Bxf6 10. e4 dxe4 11. Nxe4 Be7 12. Qc2 Bb7 13. Rad1 Qc7 14. Neg5 Nf6
15. Ne5 h6 16. Ngxf7 Rxf7 17. Bh3 Bd6 18. Bxe6 Bxe5 19. dxe5 Qxe5 20. Rfe1 Qc7
21. c5 Kh8 22. Bxf7 Qxf7 23. Rd6 Rf8 24. Qd1 bxc5 25. Rd8 Nd5 26. Rxf8+ Qxf8
27. Qa4 Qb8 28. Re6 Qc8 29. Qe4 Nf6 30. Qe5 Qd8 31. Qd6 Qg8 32. Re7 Bc8 33.
Rxa7 Bh3 34. Qxc5 Qd8 35. Qc2 Qd5 36. Ra8+ Ng8 37. Rxg8+ Kxg8 38. Qb3 Qxb3 39.
axb3 Kf7 40. f3 c5 41. g4 Kf6 42. Kf2 Ke5 0-1

[Event "em-team men"]
[Site "?"]
[Date "2003.10.19"]
[Round "8.17"]
[White "Neubauer, Martin"]
[Black "McMahon, Daire"]
[Result "1/2-1/2"]
[WhiteElo "2434"]
[BlackElo "2221"]
[PlyCount "80"]
[EventDate "2003.10.19"]

1. e4 e5 2. Nf3 Nc6 3. Bb5 Nf6 4. O-O Bc5 5. Nxe5 Nxe5 6. d4 c6 7. dxe5 Nxe4 8.
Bd3 d5 9. exd6 Nf6 10. Re1+ Be6 11. Nc3 Bxd6 12. Bc4 Qd7 13. Qe2 O-O-O 14. Bxe6
fxe6 15. Qxe6 Qxe6 16. Rxe6 Bc5 17. Be3 Bb4 18. Bxa7 Rd2 19. Rc1 Bxc3 20. bxc3
Nd5 21. Be3 Nxe3 22. Rxe3 Rf8 23. f3 Rf5 24. Rd3 Rd5 25. h4 R5xd3 26. cxd3 Rxa2
27. Kh2 Rd2 28. d4 Kd7 29. Kh3 Rd3 30. Kg4 Ke6 31. h5 b5 32. f4 Kf6 33. g3 h6
34. c4 b4 35. Rb1 b3 36. d5 cxd5 37. cxd5 g6 38. hxg6 Kxg6 39. d6 Kf6 40. d7
Ke7 1/2-1/2

[Event "em-team men"]
[Site "?"]
[Date "2003.10.19"]
[Round "8.18"]
[White "Spice, Alan"]
[Black "Vasilev, Milen"]
[Result "0-1"]
[WhiteElo "2181"]
[BlackElo "2451"]
[PlyCount "90"]
[EventDate "2003.10.19"]

1. f4 d5 2. Nf3 g6 3. e3 Bg7 4. Be2 Nh6 5. O-O O-O 6. d3 Nc6 7. Qe1 Nf5 8. e4
Nfd4 9. Nxd4 Nxd4 10. Bd1 dxe4 11. dxe4 b6 12. c3 Ne6 13. Qh4 Ba6 14. Re1 Nc5
15. Bf3 Nd3 16. Rd1 Bd4+ 17. cxd4 Qxd4+ 18. Kh1 Nf2+ 19. Qxf2 Qxf2 20. Nc3 Rad8
21. Nd5 Rxd5 22. exd5 Rd8 23. Bd2 c5 24. Bc3 f6 25. Re1 Kf7 26. Rad1 Rd6 27.
Re4 Qh4 28. Rde1 Rd7 29. Kg1 Bb7 30. g3 Qh3 31. Re6 Qf5 32. R6e4 h5 33. R4e2
Bxd5 34. Bxd5+ Qxd5 35. a3 h4 36. Rf2 Qh5 37. Rfe2 Qg4 38. Kg2 e6 39. Re3 h3+
40. Kf2 Qf5 41. Kg1 Rd3 42. Rxd3 Qxd3 43. Kf2 Qd5 44. Re2 g5 45. fxg5 Qxg5 0-1

[Event "em-team men"]
[Site "?"]
[Date "2003.10.19"]
[Round "8.18"]
[White "Gandy, Andrew"]
[Black "Iotov, Valentin"]
[Result "0-1"]
[WhiteElo "2104"]
[BlackElo "2280"]
[PlyCount "82"]
[EventDate "2003.10.19"]

1. d4 Nf6 2. Nf3 e6 3. Bg5 h6 4. Bh4 d6 5. c4 b6 6. Nc3 Bb7 7. Qc2 c5 8. e4
cxd4 9. Nxd4 Nbd7 10. Be2 Be7 11. O-O O-O 12. Rfd1 a6 13. Nb3 Qc7 14. Bg3 Ne5
15. Nd2 Rac8 16. Rac1 Qb8 17. b3 Bc6 18. Nf3 Nh5 19. Nxe5 Nxg3 20. Nxc6 Nxe2+
21. Qxe2 Rxc6 22. Qf3 Rfc8 23. Ne2 Qc7 24. Qd3 {Diagram #} 24... b5 25. cxb5
Rxc1 26. Nxc1 Qxc1 27. bxa6 Qc2 28. Qxc2 Rxc2 29. b4 Rxa2 30. b5 Ra5 31. Rb1
Bd8 32. Kf1 Bb6 33. Ke2 Kf8 34. Kd3 Ke7 35. Kc4 Kd7 36. Kb4 Ra2 37. Kb3 Rxf2
38. Ra1 Ba7 39. b6 Bxb6 40. a7 Bxa7 41. Rxa7+ Ke8 0-1

[Event "ETCC"]
[Site "Plovdiv"]
[Date "2003.10.20"]
[Round "9.1"]
[White "Aleksandrov, Aleksej"]
[Black "Svidler, Peter"]
[Result "1/2-1/2"]
[WhiteElo "2664"]
[BlackElo "2723"]
[PlyCount "24"]
[EventDate "2003.10.20"]

1. d4 d5 2. c4 dxc4 3. Nf3 Nf6 4. e3 e6 5. Bxc4 a6 6. O-O c5 7. dxc5 Qxd1 8.
Rxd1 Bxc5 9. b3 Nbd7 10. Bb2 b6 11. Nbd2 Bb7 12. Rac1 O-O 1/2-1/2

[Event "ETCC"]
[Site "Plovdiv"]
[Date "2003.10.20"]
[Round "9.2"]
[White "Smirin, Ilia"]
[Black "Mikhalchishin, Adrian"]
[Result "1/2-1/2"]
[WhiteElo "2670"]
[BlackElo "2522"]
[PlyCount "22"]
[EventDate "2003.10.20"]

1. e4 e5 2. Nc3 Nf6 3. Nf3 Nc6 4. d4 exd4 5. Nxd4 Bb4 6. Nxc6 bxc6 7. Bd3 d6 8.
O-O Ng4 9. h3 Ne5 10. f4 Bc5+ 11. Kh1 Nxd3 1/2-1/2

[Event "ETCC"]
[Site "Plovdiv"]
[Date "2003.10.20"]
[Round "9.2"]
[White "Roiz, Michael"]
[Black "Borisek, Jure"]
[Result "1/2-1/2"]
[WhiteElo "2549"]
[BlackElo "2445"]
[PlyCount "23"]
[EventDate "2003.10.20"]

1. c4 c5 2. Nf3 Nf6 3. g3 Nc6 4. Bg2 d6 5. O-O g6 6. d4 cxd4 7. Nxd4 Bd7 8. Nc3
Bg7 9. Nxc6 Bxc6 10. e4 O-O 11. Be3 Nd7 12. Rc1 1/2-1/2

[Event "ETCC"]
[Site "Plovdiv"]
[Date "2003.10.20"]
[Round "9.3"]
[White "Kempinski, Robert"]
[Black "Kacheishvili, Giorgi"]
[Result "0-1"]
[WhiteElo "2561"]
[BlackElo "2593"]
[PlyCount "106"]
[EventDate "2003.10.20"]

1. d4 Nf6 2. c4 e6 3. Nf3 d5 4. Nc3 Bb4 5. Qb3 c5 6. cxd5 exd5 7. dxc5 Nc6 8.
e3 O-O 9. Be2 Bxc5 10. O-O a6 11. Rd1 Be6 12. Nd4 Qe7 13. Nxe6 fxe6 14. Bd2 b5
15. Rac1 Rac8 16. Qc2 Ne5 17. Rf1 Ba7 18. Qd1 Rcd8 19. Qc2 Nfg4 20. h3 Nf6 21.
a4 b4 22. Na2 a5 23. Qc7 Qxc7 24. Rxc7 Rf7 25. Rxf7 Kxf7 26. Nc1 Ne4 27. Nb3
Nxd2 28. Nxd2 Rc8 29. Nf3 Nxf3+ 30. Bxf3 Rc2 31. Rb1 d4 32. Be4 Rd2 33. exd4
Bxd4 34. b3 Bxf2+ 35. Kf1 Bg3 36. Bf3 Rf2+ 37. Kg1 Rc2 38. Be4 Rc3 39. Rf1+ Ke7
40. Rf3 Rc1+ 41. Rf1 Bh2+ 42. Kf2 Rc3 43. Rb1 h5 44. Ke2 Bf4 45. Bd3 e5 46. Bc4
e4 47. Rd1 Rc2+ 48. Kf1 Bg3 49. Rd4 Rf2+ 50. Kg1 Rf4 51. Rd5 e3 52. Rg5 Bf2+
53. Kh2 Kf6 0-1

[Event "ETCC"]
[Site "Plovdiv"]
[Date "2003.10.20"]
[Round "9.3"]
[White "Gagunashvili, Merab"]
[Black "Socko, Bartosz"]
[Result "1-0"]
[WhiteElo "2582"]
[BlackElo "2547"]
[PlyCount "115"]
[EventDate "2003.10.20"]

1. d4 Nf6 2. g3 g6 3. Bg2 Bg7 4. e4 d6 5. Nc3 O-O 6. Nge2 e5 7. O-O Nc6 8. dxe5
dxe5 9. Bg5 Qxd1 10. Rfxd1 Ne8 11. Nd5 f6 12. Be3 Rf7 13. a4 Be6 14. a5 a6 15.
Nc1 Rd8 16. Nd3 Nd6 17. Nc5 Bc8 18. b4 Bf8 19. Bf1 Bg4 20. Rd3 Re8 21. h3 Bc8
22. f3 f5 23. c3 Kh8 24. Rd2 h6 25. Kg2 Nd8 26. Re1 Ne6 27. c4 fxe4 28. fxe4
Ng5 29. Bxg5 hxg5 30. Be2 g4 31. hxg4 Bh6 32. Rdd1 Rd8 33. Rf1 Rxf1 34. Rxf1 c6
35. Ne7 Be3 36. Rd1 Bd4 37. Nb3 Kg7 38. Nxd4 exd4 39. Rxd4 Be6 40. Nxc6 bxc6
41. c5 Nf7 42. Rxd8 Nxd8 43. Bxa6 Kf6 44. Bb7 Bc4 45. a6 Bxa6 46. Bxa6 Ke5 47.
Kf3 Kd4 48. g5 Ne6 49. Kg4 Kxe4 50. Bb7 Kd5 51. b5 Kxc5 52. Bxc6 Ng7 53. Kf4
Kd6 54. Be4 Ne6+ 55. Kg4 Kc5 56. Bxg6 Kxb5 57. Bf7 Ng7 58. Kf4 1-0

[Event "ETCC"]
[Site "Plovdiv"]
[Date "2003.10.20"]
[Round "9.4"]
[White "Ponomariov, Ruslan"]
[Black "Van Wely, Loek"]
[Result "1-0"]
[WhiteElo "2718"]
[BlackElo "2654"]
[PlyCount "115"]
[EventDate "2003.10.20"]

1. e4 c5 2. Nf3 Nc6 3. Bb5 g6 4. O-O Bg7 5. c3 Nf6 6. Re1 O-O 7. h3 Qb6 8. Na3
d5 9. e5 Ne8 10. d4 cxd4 11. cxd4 Nc7 12. Bxc6 Qxc6 13. Qb3 Ne6 14. Be3 f6 15.
Rac1 Qd7 16. Nc2 b6 17. Nb4 Bb7 18. Nd3 g5 19. Bd2 h6 20. exf6 exf6 21. a4 Rab8
22. a5 Ba8 23. axb6 axb6 24. Nb4 Nc7 25. Re3 h5 26. Qd3 Nb5 27. Rce1 Rbe8 28.
Nc2 Re4 29. Bc3 Rfe8 30. Qd1 Nd6 31. Nd2 Rxe3 32. Nxe3 h4 33. Bb4 Ne4 34. Nxe4
Rxe4 35. f3 Re8 36. Qd3 Bc6 37. Kf2 Qf7 38. Nf5 Rxe1 39. Kxe1 Bd7 40. Ne7+ Kh8
41. f4 gxf4 42. Ng6+ Kg8 43. Kf2 f5 44. Nxf4 Qe8 45. Nxd5 Bb5 46. Qd1 Kh7 47.
Nc3 Bd7 48. Bd6 Qe6 49. Be5 Bxe5 50. dxe5 Bc6 51. Qd4 Kg7 52. Ne2 Qg6 53. e6+
Qf6 54. Qxb6 Qxe6 55. Nd4 Qd5 56. Nxc6 Qd2+ 57. Kf3 Qd3+ 58. Kf4 1-0

[Event "ETCC"]
[Site "Plovdiv"]
[Date "2003.10.20"]
[Round "9.4"]
[White "Van Der Wiel, John"]
[Black "Efimenko, Zahar"]
[Result "1/2-1/2"]
[WhiteElo "2537"]
[BlackElo "2547"]
[PlyCount "43"]
[EventDate "2003.10.20"]

1. e4 c5 2. Nf3 d6 3. d4 cxd4 4. Nxd4 Nf6 5. Nc3 a6 6. a4 e5 7. Nde2 Nbd7 8.
Ng3 Nc5 9. Bg5 Be7 10. Bc4 Ne6 11. Bxf6 Bxf6 12. Nf5 Nd4 13. Nxd4 exd4 14. Nd5
Be6 15. O-O O-O 16. Nxf6+ Qxf6 17. Bd3 Rac8 18. Qe2 Rfe8 19. f4 Bd7 20. b3 Re7
21. Rae1 Rce8 22. Qh5 1/2-1/2

[Event "ETCC"]
[Site "Plovdiv"]
[Date "2003.10.20"]
[Round "9.5"]
[White "Georgiev, Kiril"]
[Black "Hracek, Zbynek"]
[Result "1/2-1/2"]
[WhiteElo "2651"]
[BlackElo "2578"]
[PlyCount "87"]
[EventDate "2003.10.20"]

1. d4 Nf6 2. c4 e6 3. Nf3 Bb4+ 4. Nbd2 b6 5. a3 Bxd2+ 6. Qxd2 Bb7 7. e3 O-O 8.
Be2 a5 9. b3 d6 10. O-O Nbd7 11. Bb2 Qe7 12. Rfd1 Rfd8 13. Rac1 c5 14. a4 Rac8
15. Qe1 Nf8 16. Nd2 Ng6 17. f3 e5 18. Qf2 h5 19. d5 Rc7 20. f4 Bc8 21. f5 Nf8
22. Rf1 N8h7 23. Bd3 Kh8 24. h3 Rg8 25. Ne4 g5 26. fxg6 Nxe4 27. Bxe4 fxg6 28.
Kh1 Kg7 29. Bd3 Qg5 30. Bc3 Rf8 31. Qe2 Rcf7 32. Rxf7+ Rxf7 33. Bd2 Qg3 34. Be1
Qg5 35. Rd1 Nf6 36. e4 Nh7 37. Bd2 Qg3 38. Be1 Qf4 39. Bd2 Qf2 40. Qxf2 Rxf2
41. Kg1 Rf7 42. Be3 g5 43. Re1 Kg6 44. Bd2 1/2-1/2

[Event "ETCC"]
[Site "Plovdiv"]
[Date "2003.10.20"]
[Round "9.5"]
[White "Mitkov, Nikola"]
[Black "Babula, Vlastimil"]
[Result "0-1"]
[WhiteElo "2530"]
[BlackElo "2567"]
[PlyCount "96"]
[EventDate "2003.10.20"]

1. e4 c5 2. Nc3 Nc6 3. Bb5 Nd4 4. Ba4 g6 5. Nf3 Bg7 6. O-O Qa5 7. Rb1 b5 8.
Nxd4 bxa4 9. Nde2 Nf6 10. d3 O-O 11. Bd2 Qa6 12. Qc1 Re8 13. Bh6 Bh8 14. h3 Bb7
15. Ng3 d5 16. Re1 dxe4 17. dxe4 Nd7 18. Bd2 Ne5 19. Nd1 Nc6 20. Be3 {Diagram #
} 20... Rad8 21. Bxc5 Qa5 22. Qe3 Nd4 23. Bxd4 Bxd4 24. Qe2 Ba6 25. c4 Bxc4 26.
Qxc4 Qxe1+ 27. Qf1 Qxf1+ 28. Nxf1 Rb8 29. Nd2 Rec8 30. Nf3 Bg7 31. Kf1 a3 32.
e5 axb2 33. Rxb2 Rxb2 34. Nxb2 Rc2 35. Nd3 Rxa2 36. Ke1 a5 37. Kd1 Bh6 38. g4
e6 39. g5 Bf8 40. Nfe1 Ra1+ 41. Kc2 a4 42. Kb2 Ra3 43. Kc2 Ra2+ 44. Kc3 Re2 45.
Nc2 a3 46. Nd4 a2 47. Nb3 Be7 48. h4 Bd8 0-1

[Event "ETCC"]
[Site "Plovdiv"]
[Date "2003.10.20"]
[Round "9.5"]
[White "Stocek, Jiri"]
[Black "Nedev, Trajce"]
[Result "1/2-1/2"]
[WhiteElo "2545"]
[BlackElo "2480"]
[PlyCount "127"]
[EventDate "2003.10.20"]

1. d4 Nf6 2. Nf3 g6 3. Nbd2 Bg7 4. e4 d6 5. Bd3 O-O 6. O-O c5 7. d5 e6 8. c4
exd5 9. cxd5 Bg4 10. h3 Bxf3 11. Nxf3 Re8 12. Re1 Nbd7 13. Bg5 h6 14. Bf4 c4
15. Bxc4 Nxe4 16. Qc2 Ndf6 17. Nd2 Nxd2 18. Qxd2 Qb6 19. Rad1 Qc5 20. Bb3 a5
21. Rxe8+ Rxe8 22. Be3 Qb5 23. Rc1 Re5 24. Bc4 Qe8 25. Bf4 Ne4 26. Qe3 Re7 27.
Qb6 Kh7 28. Bb5 Qh8 29. Be3 Bxb2 30. Rc7 Qd8 31. Rxe7 Qxe7 32. Qxa5 Bf6 33. Qe1
Nc3 34. Bc4 Qe4 35. Bb3 Qd3 36. Qd2 Qb1+ 37. Kh2 Be5+ 38. g3 Qe4 39. Bxh6 Qf5
40. Be3 Qf3 41. Qe1 Nxd5 42. Bxd5 Qxd5 43. Qd2 Qe4 44. Qd1 Kg7 45. Qb3 Qc6 46.
Kg1 b5 47. h4 d5 48. Qb4 Qc4 49. Qe7 Qe4 50. h5 Qb1+ 51. Kh2 Qf5 52. hxg6 Kxg6
53. Qd8 Kg7 54. Qg5+ Qxg5 55. Bxg5 Bc3 56. Kg2 Kg6 57. Bd8 Kf5 58. Kf3 Be5 59.
g4+ Kg6 60. Ke3 f5 61. f3 fxg4 62. fxg4 Kf7 63. Bg5 Ke6 64. Kd3 1/2-1/2

[Event "ETCC"]
[Site "Plovdiv"]
[Date "2003.10.20"]
[Round "9.6"]
[White "Shirov, Alexei"]
[Black "Korchnoi, Viktor"]
[Result "1-0"]
[WhiteElo "2737"]
[BlackElo "2580"]
[PlyCount "57"]
[EventDate "2003.10.20"]

1. e4 e5 2. Nf3 Nc6 3. Bb5 a6 4. Ba4 Nf6 5. O-O Nxe4 6. d4 b5 7. Bb3 d5 8. dxe5
Be6 9. Nbd2 Be7 10. c3 O-O 11. Bc2 f5 12. exf6 Nxf6 13. Nb3 Bg4 14. Qd3 Qd7 15.
a4 bxa4 16. Nbd4 Nxd4 17. Nxd4 a3 18. b4 Bh5 19. Qf5 Qxf5 20. Nxf5 Rf7 21.
Nxe7+ Rxe7 22. Rxa3 Be2 23. Re1 Rae8 24. Be3 Bb5 25. h3 Ne4 26. Rd1 c6 27. Kh2
Nxf2 28. Bxf2 Re2 29. Ra2 1-0

[Event "ETCC"]
[Site "Plovdiv"]
[Date "2003.10.20"]
[Round "9.6"]
[White "Pelletier, Yannick"]
[Black "Vallejo Pons, Francisco"]
[Result "1/2-1/2"]
[WhiteElo "2604"]
[BlackElo "2662"]
[PlyCount "30"]
[EventDate "2003.10.20"]

1. d4 Nf6 2. c4 g6 3. Nc3 d5 4. Bf4 Bg7 5. e3 c5 6. dxc5 Qa5 7. Rc1 dxc4 8.
Bxc4 O-O 9. Nge2 Qxc5 10. Qb3 Nc6 11. Nb5 Qh5 12. Nc7 Rb8 13. Nd5 Ra8 14. Nc7
Rb8 15. Nd5 Ra8 1/2-1/2

[Event "ETCC"]
[Site "Plovdiv"]
[Date "2003.10.20"]
[Round "9.6"]
[White "Gallagher, Joseph"]
[Black "San Segundo, Pablo"]
[Result "1/2-1/2"]
[WhiteElo "2522"]
[BlackElo "2524"]
[PlyCount "41"]
[EventDate "2003.10.20"]

1. e4 c5 2. Nc3 Nc6 3. Nf3 e5 4. Bc4 Be7 5. d3 d6 6. O-O Nf6 7. Ng5 O-O 8. f4
Bg4 9. Qe1 exf4 10. Bxf4 Nd4 11. Qd2 Qd7 12. Be3 h6 13. Nf3 Nxf3+ 14. gxf3 Be6
15. Kh1 Kh7 16. Bxe6 fxe6 17. Qg2 Qe8 18. Qh3 d5 19. Ne2 Bd6 20. Rf2 Qh5 21.
Qxh5 1/2-1/2

[Event "ETCC"]
[Site "Plovdiv"]
[Date "2003.10.20"]
[Round "9.7"]
[White "Kallio, Heikki"]
[Black "Fressinet, Laurent"]
[Result "1/2-1/2"]
[WhiteElo "2493"]
[BlackElo "2654"]
[PlyCount "68"]
[EventDate "2003.10.20"]

1. c4 e5 2. Nc3 Nf6 3. g3 Bb4 4. Bg2 O-O 5. Nf3 Nc6 6. O-O Re8 7. d3 Bxc3 8.
bxc3 e4 9. Nd4 exd3 10. exd3 Nxd4 11. cxd4 d5 12. Bg5 h6 13. Bxf6 Qxf6 14. cxd5
Qxd4 15. Qc2 Qe5 16. Rab1 Rb8 17. Rfc1 Re7 18. Qc3 Qd6 19. Qd4 b6 20. Rc6 Qd8
21. d6 cxd6 22. Rxd6 Rd7 23. Rxd7 Bxd7 24. Rc1 Be6 25. Qa4 a5 26. d4 b5 27. Qa3
b4 28. Qb2 Rc8 29. d5 Rxc1+ 30. Qxc1 Qc8 31. Qe3 Bd7 32. Bf1 Qb7 33. Bc4 Qc7
34. Qe7 Qxc4 1/2-1/2

[Event "ETCC"]
[Site "Plovdiv"]
[Date "2003.10.20"]
[Round "9.7"]
[White "Bauer, Christian"]
[Black "Karttunen, Mika"]
[Result "1/2-1/2"]
[WhiteElo "2602"]
[BlackElo "2379"]
[PlyCount "159"]
[EventDate "2003.10.20"]

1. e4 c5 2. Nf3 e6 3. c3 d5 4. e5 Ne7 5. d4 Nec6 6. Bd3 Be7 7. a3 a5 8. O-O b6
9. dxc5 bxc5 10. c4 d4 11. Re1 Nd7 12. Bf4 Bb7 13. Bg3 a4 14. Nbd2 Nb6 15. Ne4
Nc8 16. Nfd2 h5 17. h4 Nb8 18. Qf3 Ra7 19. Qf4 Nd7 20. Nf3 Bxe4 21. Bxe4 Rg8
22. Bc6 Ra5 23. Qe4 Rh8 24. Qc2 Ncb6 25. Re4 Qc7 26. Bb5 Kf8 27. Bf4 Kg8 28.
Rae1 Nf8 29. Bd2 Ra8 30. b4 axb3 31. Qxb3 Bd8 32. a4 Nc8 33. Bg5 Ne7 34. Qa3
Nfg6 35. g3 Kh7 36. Bd2 Nc8 37. a5 Rb8 38. Ba4 Qa7 39. R4e2 Rf8 40. Bc2 Kg8 41.
Ra1 Qc7 42. Ne1 Nge7 43. Nd3 Nf5 44. Qxc5 Qb7 45. Qa3 Be7 46. Qa2 Qf3 47. Nf4
Qg4 48. Bxf5 Qxf5 49. Be1 Rd8 50. Rb2 Na7 51. Rxb8 Rxb8 52. Qe2 Nc6 53. a6 Rb1
54. Rxb1 Qxb1 55. Kg2 g6 56. Bd2 Qa2 57. Qe4 Qxc4 58. Nxg6 Qxa6 59. Nxe7+ Nxe7
60. Qxd4 Qa8+ 61. Kh2 Qf3 62. Qd8+ Kg7 63. Be3 Ng6 64. Qg5 Qf5 65. Qxf5 exf5
66. Bd4 Kf8 67. Bc5+ Ke8 68. f4 Kd7 69. Kg2 Ke6 70. Kf3 f6 71. exf6 Kxf6 72.
Ke3 Ke6 73. Kd4 Nh8 74. Bf8 Ng6 75. Ba3 Nh8 76. Bc5 Nf7 77. Bf8 Nd6 78. Bxd6
Kxd6 79. Kc4 Kc6 80. Kd4 1/2-1/2

[Event "ETCC"]
[Site "Plovdiv"]
[Date "2003.10.20"]
[Round "9.7"]
[White "Degraeve, Jean-Marc"]
[Black "Maki-Uuro, Miikka"]
[Result "1-0"]
[WhiteElo "2562"]
[BlackElo "2409"]
[PlyCount "107"]
[EventDate "2003.10.20"]

1. e4 e6 2. d4 d5 3. e5 c5 4. Nf3 Nc6 5. Bd3 cxd4 6. O-O Nge7 7. Bf4 Ng6 8. Bg3
Qb6 9. Nbd2 Qxb2 10. h4 f6 11. Nb3 Be7 12. Rb1 Qc3 13. exf6 Bxf6 14. Qe2 O-O
15. h5 Nge7 16. Bf4 Qb4 17. Rfe1 Qb6 18. h6 g6 19. Qd2 Qd8 20. Nc5 e5 21. Nxe5
Nxe5 22. Bxe5 Bxe5 23. Rxe5 Nc6 24. Re2 Qf6 25. Rbe1 Qd6 26. Nb3 Bg4 27. f3 Bd7
28. Bb5 Qf4 29. Bxc6 Bxc6 30. Nxd4 Qxd2 31. Rxd2 Rae8 32. Rde2 Rxe2 33. Rxe2
Rf4 34. c3 Rh4 35. g4 Rxh6 36. Re6 Kf7 37. Rd6 Rh4 38. Kg2 h5 39. g5 Kg7 40.
Re6 Kf7 41. Rf6+ Kg7 42. Ne6+ Kh7 43. Nf8+ Kg7 44. Nxg6 Rc4 45. Nf4 Be8 46.
Ne6+ Kh7 47. f4 Rxc3 48. f5 Rc2+ 49. Kf3 Rc3+ 50. Kf4 Rc4+ 51. Ke5 Rg4 52. Rf8
Bg6 53. fxg6+ Kxg6 54. Rf6+ 1-0

[Event "ETCC"]
[Site "Plovdiv"]
[Date "2003.10.20"]
[Round "9.8"]
[White "Lutz, Christopher"]
[Black "Radjabov, Teimour"]
[Result "1/2-1/2"]
[WhiteElo "2613"]
[BlackElo "2650"]
[PlyCount "152"]
[EventDate "2003.10.20"]

1. e4 c5 2. Nf3 Nc6 3. d4 cxd4 4. Nxd4 Nf6 5. Nc3 e5 6. Ndb5 d6 7. Bg5 a6 8.
Na3 b5 9. Bxf6 gxf6 10. Nd5 Bg7 11. Bd3 Ne7 12. Nxe7 Qxe7 13. c4 f5 14. O-O O-O
15. Qf3 d5 16. cxd5 fxe4 17. Bxe4 Rb8 18. Rad1 Qd7 19. d6 Rb6 20. Qd3 Rd8 21.
Bxh7+ Kh8 22. Qe3 Rxd6 23. Rxd6 Qxd6 24. Bb1 f5 25. Nc2 e4 26. b4 Be5 27. g3
Qf6 28. Qe2 Kg7 29. Rd1 Rxd1+ 30. Qxd1 f4 31. Qe2 e3 32. fxe3 fxg3 33. hxg3 Qg6
34. Qg2 Bxg3 35. Ne1 Qg5 36. Qb2+ Kg8 37. Nf3 Qxe3+ 38. Kg2 Bf4 39. Qb3+ Qxb3
40. axb3 Bd6 41. Kf2 Bxb4 42. Ke3 Bc5+ 43. Kd2 Kf7 44. Be4 Ke6 45. Kc2 Kd6 46.
Ne1 a5 47. Nd3 Bd4 48. Bg6 Bd7 49. Bf7 Bc6 50. Bg6 Ke6 51. Nf4+ Ke5 52. Nd3+
Kf6 53. Bh5 Kf5 54. Be2 Ke4 55. Bh5 Ke3 56. Bg6 Bd7 57. Nb2 Bg7 58. Nd3 Kd4 59.
Nb2 Bc6 60. Nd3 Bf8 61. Nb2 Bd6 62. Nd3 a4 63. bxa4 bxa4 64. Nc1 a3 65. Ne2+
Kc4 66. Bf7+ Kb4 67. Nc3 Bd7 68. Na2+ Ka5 69. Nc3 Bb4 70. Kb3 Bg4 71. Bd5 Bf8
72. Bf7 Bf5 73. Bd5 Kb6 74. Bf7 Kc6 75. Bd5+ Kc5 76. Bf7 Bg7 1/2-1/2

[Event "ETCC"]
[Site "Plovdiv"]
[Date "2003.10.20"]
[Round "9.8"]
[White "Luther, Thomas"]
[Black "Guseinov, Gadir"]
[Result "1-0"]
[WhiteElo "2580"]
[BlackElo "2557"]
[PlyCount "81"]
[EventDate "2003.10.20"]

1. e4 c5 2. Nf3 Nc6 3. d4 cxd4 4. Nxd4 Nf6 5. Nc3 d6 6. Bg5 e6 7. Qd2 Be7 8.
O-O-O O-O 9. f3 a6 10. h4 Qa5 11. Kb1 Nxd4 12. Qxd4 b5 13. e5 dxe5 14. Qxe5 Bb7
15. Bd3 Rac8 16. Ne4 Bxe4 17. Bxe4 Rc5 18. Qd4 Rc4 19. Qd3 Nxe4 20. Bxe7 Nf2
21. Qd7 Qc7 22. Bxf8 Kxf8 23. b3 Nxd1 24. Qxd1 Rc5 25. h5 Rd5 26. Qc1 h6 27.
Rd1 b4 28. Rxd5 exd5 29. Qe3 a5 30. Qd4 Qc6 31. Kb2 f6 32. c3 Qb5 33. cxb4 axb4
34. a4 Qe2+ 35. Kc1 Qf1+ 36. Qd1 Qxg2 37. Qxd5 Qg1+ 38. Kc2 Qb6 39. Kd3 Qc7 40.
Qd4 Qb7 41. Kc4 1-0

[Event "ETCC"]
[Site "Plovdiv"]
[Date "2003.10.20"]
[Round "9.8"]
[White "Ibrahimov, Rasul"]
[Black "Gustafsson, Jan"]
[Result "1/2-1/2"]
[WhiteElo "2478"]
[BlackElo "2571"]
[PlyCount "33"]
[EventDate "2003.10.20"]

1. Nf3 Nf6 2. g3 g6 3. Bg2 Bg7 4. O-O O-O 5. d4 d5 6. c4 dxc4 7. Ne5 Nfd7 8.
Nxc4 Nb6 9. Nxb6 axb6 10. d5 e6 11. e4 exd5 12. exd5 Nd7 13. Nc3 Nc5 14. Be3
Bf5 15. Bd4 Re8 16. Bxg7 Kxg7 17. Qd4+ 1/2-1/2

[Event "ETCC"]
[Site "Plovdiv"]
[Date "2003.10.20"]
[Round "9.9"]
[White "Acs, Peter"]
[Black "Delchev, Aleksander"]
[Result "1/2-1/2"]
[WhiteElo "2593"]
[BlackElo "2603"]
[PlyCount "50"]
[EventDate "2003.10.20"]

1. e4 e5 2. Nf3 Nc6 3. Bb5 a6 4. Ba4 Nf6 5. O-O Be7 6. Re1 b5 7. Bb3 d6 8. c3
O-O 9. h3 Na5 10. Bc2 c5 11. d4 Qc7 12. Nbd2 cxd4 13. cxd4 Nc6 14. Nb3 a5 15.
Be3 a4 16. Nbd2 Bd7 17. a3 Rfe8 18. Bd3 Qb7 19. Rc1 Bd8 20. d5 Na5 21. Qe2 h6
22. Rc3 Bb6 23. Rec1 Reb8 24. b4 axb3 25. Nxb3 Ne8 1/2-1/2

[Event "ETCC"]
[Site "Plovdiv"]
[Date "2003.10.20"]
[Round "9.9"]
[White "Chatalbashev, Boris"]
[Black "Berkes, Ferenc"]
[Result "1/2-1/2"]
[WhiteElo "2534"]
[BlackElo "2616"]
[PlyCount "119"]
[EventDate "2003.10.20"]

1. d4 Nf6 2. Nf3 e6 3. Bg5 c5 4. e3 h6 5. Bh4 Qb6 6. Nbd2 Qxb2 7. Bxf6 gxf6 8.
Bd3 Qb6 9. O-O Qc7 10. c4 d6 11. d5 Be7 12. Rb1 f5 13. dxe6 Bxe6 14. Rb3 Nc6
15. Qb1 Nb4 16. Bxf5 Bxf5 17. Qxf5 Nxa2 18. Ne4 Nb4 19. Rd1 Rg8 20. Nd4 cxd4
21. Rxb4 dxe3 22. fxe3 Qc6 23. Rb2 Rg6 24. Nc3 Bf6 25. Rf2 Qd7 26. Qxd7+ Kxd7
27. Nd5 Bd8 28. Rxf7+ Kc6 29. Rb1 b6 30. Rb5 a5 31. Kf2 Rb8 32. Kf3 Re6 33. g4
Rb7 34. Rf8 Rd7 35. h4 Re5 36. e4 Bxh4 37. Rxb6+ Kc5 38. Ke3 Bg5+ 39. Kf3 Kxc4
40. Rb1 Rd8 41. Rf7 Kd3 42. Rb3+ Kd4 43. Ra3 Ree8 44. Ra4+ Kd3 45. Ra3+ Kc2 46.
Rxa5 Ra8 47. Rxa8 Rxa8 48. Ke2 Ra1 49. Rc7+ Kb2 50. Rc6 Rg1 51. Kf3 Rf1+ 52.
Ke2 Rg1 53. Rb6+ Ka3 54. Kd3 Rxg4 55. Nc3 Bf6 56. Ra6+ Kb4 57. Nd5+ Kb5 58.
Rxd6 Rg3+ 59. Kc2 Bg5 60. e5 1/2-1/2

[Event "ETCC"]
[Site "Plovdiv"]
[Date "2003.10.20"]
[Round "9.9"]
[White "Ruck, Robert"]
[Black "Cheparinov, Ivan"]
[Result "1/2-1/2"]
[WhiteElo "2551"]
[BlackElo "2531"]
[PlyCount "104"]
[EventDate "2003.10.20"]

1. d4 Nf6 2. Nf3 e6 3. g3 c5 4. Bg2 cxd4 5. O-O d5 6. Nxd4 e5 7. Nb3 Be6 8. Nc3
Be7 9. f4 exf4 10. gxf4 g6 11. Nd4 Bc5 12. e3 Nc6 13. Nxe6 fxe6 14. Na4 Be7 15.
Qe2 O-O 16. c4 Qa5 17. b3 Qa6 18. Bb2 dxc4 19. Qxc4 Qxc4 20. bxc4 Rac8 21. Rfd1
Nb4 22. Bxb7 Rxc4 23. Rac1 Nc2 24. Bd4 Ba3 25. Nb2 Bxb2 26. Bxb2 Nxe3 27. Re1
Rb8 28. Rxe3 Rxc1+ 29. Bxc1 Rxb7 30. Rxe6 Nd5 31. Kg2 Rc7 32. Rd6 Rxc1 33. Rxd5
Rc2+ 34. Kg3 Rxa2 35. Rd7 a5 36. Ra7 a4 37. h4 Ra1 38. h5 gxh5 39. Kh2 a3 40.
f5 a2 41. Kg2 h4 42. Kh2 h3 43. f6 h6 44. Rg7+ Kf8 45. Ra7 h5 46. Ra5 Kf7 47.
Ra6 Kg6 48. Ra7 Kxf6 49. Ra8 Ke6 50. Ra7 h4 51. Ra8 Kd7 52. Ra7+ Kc6 1/2-1/2

[Event "ETCC"]
[Site "Plovdiv"]
[Date "2003.10.20"]
[Round "9.9"]
[White "Radulski, Julian"]
[Black "Gyimesi, Zoltan"]
[Result "1/2-1/2"]
[WhiteElo "2475"]
[BlackElo "2537"]
[PlyCount "48"]
[EventDate "2003.10.20"]

1. e4 e5 2. Nf3 Nc6 3. Bb5 a6 4. Ba4 Nf6 5. O-O Be7 6. Bxc6 dxc6 7. Re1 Nd7 8.
b3 c5 9. Bb2 f6 10. c3 O-O 11. d4 cxd4 12. cxd4 exd4 13. Nxd4 Ne5 14. Qc2 Re8
15. Rd1 Bd6 16. Nc3 Qe7 17. Nd5 Qf7 18. Rac1 Bd7 {Diagram #} 19. Nxc7 Rac8 20.
Nxe8 Rxc2 21. Nxc2 Nf3+ 22. gxf3 Bxh2+ 23. Kxh2 Qh5+ 24. Kg1 Qg6+ 1/2-1/2

[Event "ETCC"]
[Site "Plovdiv"]
[Date "2003.10.20"]
[Round "9.10"]
[White "Pavlovic, Milos"]
[Black "Lalic, Bogdan"]
[Result "1/2-1/2"]
[WhiteElo "2593"]
[BlackElo "2503"]
[PlyCount "42"]
[EventDate "2003.10.20"]

1. e4 c5 2. Nf3 d6 3. d4 cxd4 4. Nxd4 Nf6 5. Nc3 a6 6. Bg5 e6 7. f4 Nc6 8. Nxc6
bxc6 9. Qf3 Be7 10. e5 dxe5 11. fxe5 Nd5 12. Bxe7 Qxe7 13. Ne4 Qb4+ 14. c3 Qxb2
15. Nd6+ Ke7 16. Qxf7+ Kd8 17. Qxg7 Qxc3+ 18. Ke2 Qe3+ 19. Kd1 Qd4+ 20. Ke2
Qe3+ 21. Kd1 Qd4+ 1/2-1/2